000 00960nam a2200265 a 4500
001 3753
003 BD-RjUL
005 20211208233759.0
008 131221s1958 enk 001 0 eng
035 _a(BD-RjUL)3787
040 _aDLC
_cDLC
_dm.c
_dBD-RjUL
_beng
041 _aeng
082 _223
_a341.0935
_bLAD 1958
100 1 _aLauterpacht, Hersch,
_d1897-1960.
_911914
245 1 4 _aThe development of international law by the International Court /
_cby Sir Hersch Lauterpacht.
260 _aLondon :
_bStevens,
_c1958.
300 _axix, 408 p. ;
_c25 cm.
500 _a"Being a revised edition of "The Development of International Law by the Permanent Court of International Justice" (1934) ."
504 _aIncludes index.
610 1 0 _aHague.
_bPermanent court of international justice.
_911915
610 2 0 _aInternational Court of Justice.
_911918
650 0 _aInternational law
_xHistory.
_911917
942 _2ddc
_cBK
999 _c3753
_d3753